000
00344nam a22001577a 4500
003
SGT
020
_a
9789353065409
082
_a
155.4,KAI
100
_a
KAIL,ROBERT,V
245
_a
CHILDREN AND THEIR DEVELOPMENT
250
_a
7TH
260
_a
PEARSON
_b
NOIDA (U.P)
_c
2019
300
_a
586
650
_a
PSYCHOLOGY
942
_2
ddc
_c
BK
_0
11
999
_c
19567
_d
19567